000 00729nam0a22002651 4500
001 RU\NLR\INFOCOMM6\ROSSICA\1000354799
005 20250613190320.0
035 _a(NLR Aleph) 009907265
090 _a10600418
_c10600418
100 _a20030828d1912 |||y0rusy50 ca
101 0 _ager
102 _aRU
105 _ay ||||000ay
200 1 _aDie gegenwärtige Russische Agrargesetzgebung und ihre Durchführung in der Praxis
_fA. Koefoed
210 _aSt.Petersburg
_d1912
215 _d
700 1 _aKoefoed
_bA.
_4070
801 1 _aRU
_bInfoComm
_c20030828
801 0 _aRU
_bNLR
_gPSBO
852 _aNLR
_j21.5.3.219
852 _aNLR
_bВЭО
_j57.б.219
942 _cBOOK
980 _aNB
980 _aRossica